<?xml version="1.0" encoding="UTF-8"?>
<record
    xmlns:xsi="http://www.w3.org/2001/XMLSchema-instance"
    xsi:schemaLocation="http://www.loc.gov/MARC21/slim http://www.loc.gov/standards/marcxml/schema/MARC21slim.xsd"
    xmlns="http://www.loc.gov/MARC21/slim">

  <leader>00862nam a22002177a 4500</leader>
  <datafield tag="999" ind1=" " ind2=" ">
    <subfield code="c">563</subfield>
    <subfield code="d">563</subfield>
  </datafield>
  <controlfield tag="003">OSt</controlfield>
  <controlfield tag="005">20251027105651.0</controlfield>
  <controlfield tag="008">230721b           ||||| |||| 00| 0 eng d</controlfield>
  <datafield tag="020" ind1=" " ind2=" ">
    <subfield code="a">978-1-138-50442-4</subfield>
    <subfield code="q">(paperback)</subfield>
  </datafield>
  <datafield tag="040" ind1=" " ind2=" ">
    <subfield code="c">NMSCST</subfield>
  </datafield>
  <datafield tag="082" ind1=" " ind2=" ">
    <subfield code="a">Grad 371.20110941</subfield>
    <subfield code="b">R643 2019</subfield>
  </datafield>
  <datafield tag="100" ind1=" " ind2=" ">
    <subfield code="a">Roberts, Carolyn.</subfield>
  </datafield>
  <datafield tag="245" ind1=" " ind2=" ">
    <subfield code="a">Ethical leadership for a better education system :</subfield>
    <subfield code="b">what kind of people are we? / </subfield>
    <subfield code="c">Carolyn Roberts</subfield>
  </datafield>
  <datafield tag="260" ind1=" " ind2=" ">
    <subfield code="a">Abingdon, Oxon :</subfield>
    <subfield code="b">Routledge, </subfield>
    <subfield code="c">2019.</subfield>
  </datafield>
  <datafield tag="300" ind1=" " ind2=" ">
    <subfield code="a">ix, 160 pages </subfield>
  </datafield>
  <datafield tag="504" ind1=" " ind2=" ">
    <subfield code="a">Includes bibliographical references (pages 156-158) and index.</subfield>
  </datafield>
  <datafield tag="650" ind1=" " ind2=" ">
    <subfield code="a">Educational leadership -- Moral and ethical aspects -- Great Britain</subfield>
  </datafield>
  <datafield tag="650" ind1=" " ind2=" ">
    <subfield code="a">School administrators -- Professional ethics -- Great Britain</subfield>
  </datafield>
  <datafield tag="650" ind1=" " ind2=" ">
    <subfield code="a">School management and organization -- Moral and ethical aspects -- Great Britain</subfield>
  </datafield>
  <datafield tag="942" ind1=" " ind2=" ">
    <subfield code="2">ddc</subfield>
    <subfield code="c">CIR</subfield>
  </datafield>
  <datafield tag="952" ind1=" " ind2=" ">
    <subfield code="0">0</subfield>
    <subfield code="1">0</subfield>
    <subfield code="2">ddc</subfield>
    <subfield code="4">0</subfield>
    <subfield code="7">0</subfield>
    <subfield code="8">NFIC</subfield>
    <subfield code="a">GL</subfield>
    <subfield code="b">GL</subfield>
    <subfield code="c">CIR</subfield>
    <subfield code="d">2023-07-21</subfield>
    <subfield code="e">Purchased (Super Pages)</subfield>
    <subfield code="g">3322.00</subfield>
    <subfield code="h">10436</subfield>
    <subfield code="l">0</subfield>
    <subfield code="o">Grad 371.20110941 R643 2019</subfield>
    <subfield code="p">10436</subfield>
    <subfield code="r">2023-07-21</subfield>
    <subfield code="t">c.1</subfield>
    <subfield code="w">2023-07-21</subfield>
    <subfield code="y">CIR</subfield>
  </datafield>
</record>
